00988 2200313 4500001002100000005001500021035002500036008004100061020002200102040001200124041000800136082001500144084001700159090002100176090002200197100002600219245013500245260005600380300005000436504003300486650001800519650003000537700002600567850001200593007000300605999002200608990002200630990002200652INLIS00000000003492320191209113345 a0010-041800000000102180402s2017 yoia g ind d a978-979-8971-81-5 aYOPDYOG0 aind04223a793.31 a793.31 EST k aDEP 793.31 EST k aCB-D.11 2017-24230 aEsti Wuryansari,cTh.1 aKesenian glipang Lumajang :b(bentuk pertunjukan dan eksistensi grup bintang budaya) /cTh. Esti Wuryansari, Ernawati Purwaningsih3 aYogyakarta :bBalai Pelestarian Nilai Budaya,c2017 axi, 130 halaman :btabel, foto, peta ;c23 cm aBibliografi: halaman 121-124 4aTarian rakyat 4aKesenian Glipang Lumajang0 aErnawati Purwaningsih aYOPDYOGta aCB-D.11/2017-2423 aCB-D.11/2017-2423 aCB-D.11/2017-2423